| 000 | 00861cam a22002894a 4500 | ||
|---|---|---|---|
| 008 | 001116s2000 sp 000 1 spa | ||
| 010 | _a 2001328288 | ||
| 020 | _a8408036432 | ||
| 040 |
_aDLC _cDLC _dDLC |
||
| 050 | 0 | 0 |
_aPQ6653.O453 _bC83 2000 |
| 082 | 0 | 0 |
_a863/.64 _221 |
| 092 | 0 | 4 |
_a863.64 _bC73777c _221 |
| 099 |
_a04 _a863.64 C73777c |
||
| 100 | 1 |
_aCompan Vazquez, Salvador, _d1949- |
|
| 245 | 1 | 0 |
_aCuaderno de viaje / _cSalvador Compan. |
| 250 | _a1. ed. | ||
| 260 |
_aBarcelona, Espana : _bPlaneta, _c2000. |
||
| 300 |
_a287 p. ; _c24 cm. |
||
| 440 | 0 | _aAutores espanoles e iberoamericanos | |
| 600 | 1 | 0 |
_aCompân Vâzquez, Salvador, _d1949- |
| 650 | 0 |
_aSpanish fiction _y21st century. |
|
| 902 | _a1 | ||
| 905 |
_aJamal _eRev. |
||
| 905 |
_aJihan _eCat. |
||
| 942 |
_2ddc _cBK |
||
| 999 |
_c125063 _d125063 |
||